ბათუმის შოთა რუსთაველის სახელმწიფო უნივერსიტეტის ბიბლიოთეკა

ელექტროტექნიკა (ლაბორატორიული სამუშაოები) : (ბიბ.ჩანაწერი № 39806)

000 -ლიდერი
ფიქსირებული სიგრძის საკონტროლო ველი 00869nam a2200205Ia 4500
001 - საკონტროლო ნომერი
საკონტროლო ველი 6411
003 - საკონტროლო ნომრის იდენტიფიკატორი
საკონტროლო ველი GE_BSU
005 - ბოლო ოპერაციის თარიღი და დრო
საკონტროლო ველი 20190621161845.0
008 - ფიქსირებული სიგრძის მონაცემთა ელემენტები - ზოგადი ინფორმაცია
ფიქსირებული სიგრძის საკონტროლო ველი 181216s1977||||ge |||||||||||||| ||geo||
041 ## - ენის კოდი
Language code of text/sound track or separate title geo
080 ## - უნივერსალური ათობითი კლასიფიკაციის ინდექსი
Universal Decimal Classification number 621.3(076.5) კ-76
100 ## - მთავარი ჩანაწერი - პიროვნების სახელი
Personal name კოტია,ა.
9 (RLIN) 2744
245 ## - ცნობა სათაურის შესახებ
Title ელექტროტექნიკა (ლაბორატორიული სამუშაოები) :
Remainder of title დამხმ. სახელმძღვ. /
Statement of responsibility, etc ა.კოტია ; რედ : ე. კირვალიძე.
264 ## - წარმოების, გამოცემის, დისტრიბუციის და სხვა ცნობები
გამოცემის, წარმოების, დისტრიბუციის... ადგილი თბილისი :
გამოცემის, წარმოების, დისტრიბუციის... სახელწოდება სპი,
გამოცემის, წარმოების, დისტრიბუციის... თარიღი 1977.
300 ## - ფიზიკური აღწერა
Extent 177 გვ .:
Other physical details ნახაზ ;
Dimensions 20 სმ.
504 ## - BIBLIOGRAPHY, ETC. NOTE
Bibliography, etc ბიბლიოგრ : გვ.175
653 ## - INDEX TERM--UNCONTROLLED
Uncontrolled term ელექტროტექნიკა
700 ## - ADDED ENTRY--PERSONAL NAME
Personal name კირვალიძე, ე
Relator term რედაქტორი
9 (RLIN) 2745
942 ## - ADDED ENTRY ELEMENTS (KOHA)
Koha item type წიგნი
Source of classification or shelving scheme
ეგზემპლარები
ჩამოწერის სტატუსი დაკარგული ეგზემპლარის სტატუსი კლასიფიკაციის წყარო ან თაროზე გაწყობის სქემა დაზიანების სტატუსი არ გაიცემა მუდმივი მდებარეობა (დაცვის ადგილი) ამჟამინდელი ადგილსამყოფელი თაროზე განთავსების ადგილი შეძენის თარიღი ღირებულება, შესყიდვის ნორმალური ფასი სრული შენახვის შიფრი შტრიხკოდი ბოლო ოპერაციის თარიღი ეგზემპლარის მიმდევრობითი ნომერი (კეტერი?) ფასის ძალაში შესვლის თარიღი ეგზემპლარის სახეობა საჯარო შენიშვნა
          ტექნოლოგიური ფაკულტეტის ბიბლიოთეკა ტექნოლოგიური ფაკულტეტის ბიბლიოთეკა წიგნსაცავი 2018-12-17 1.00 621.3(076.5) კ-76 10716 2018-12-17 10716 2018-12-17 წიგნი 1 ლ. 60 თ.
          ტექნოლოგიური ფაკულტეტის ბიბლიოთეკა ტექნოლოგიური ფაკულტეტის ბიბლიოთეკა წიგნსაცავი 2018-12-17 1.00 621.3(076.5) კ-76 10717 2018-12-17 10717 2018-12-17 წიგნი 1 ლ. 60 თ.
          ტექნოლოგიური ფაკულტეტის ბიბლიოთეკა ტექნოლოგიური ფაკულტეტის ბიბლიოთეკა წიგნსაცავი 2018-12-17 1.00 621.3(076.5) კ-76 10718 2018-12-17 10718 2018-12-17 წიგნი 1 ლ. 60 თ.
          ტექნოლოგიური ფაკულტეტის ბიბლიოთეკა ტექნოლოგიური ფაკულტეტის ბიბლიოთეკა წიგნსაცავი 2018-12-17 1.00 621.3(076.5) კ-76 10719 2018-12-17 10719 2018-12-17 წიგნი 1 ლ. 60 თ.
          ტექნოლოგიური ფაკულტეტის ბიბლიოთეკა ტექნოლოგიური ფაკულტეტის ბიბლიოთეკა წიგნსაცავი 2018-12-17 1.00 621.3(076.5) კ-76 10720 2018-12-17 10720 2018-12-17 წიგნი 1 ლ. 60 თ.
          ტექნოლოგიური ფაკულტეტის ბიბლიოთეკა ტექნოლოგიური ფაკულტეტის ბიბლიოთეკა წიგნსაცავი 2018-12-17 1.00 621.3(076.5) კ-76 10721 2018-12-17 10721 2018-12-17 წიგნი 1 ლ. 60 თ.